000 00719nac a22002531i 4500
003 EG-ScBUE
005 20250127091137.0
008 100919t2003 ii f d 000 0 eng d
020 _a9780071410489
020 _a0071410481
040 _aEG-ScBUE
_beng
_erda
_cEG-ScBUE
_dEG-ScBUE
082 0 4 _a530.03
_222
_bMCG
245 0 0 _aMcGraw-Hill dictionary of physics.
250 _aThird edition.
264 1 _aNew Delhi :
_bMcGraw-Hill,
_c[2003]
264 4 _cc2003
300 _a483 pages ;
_b21 cm
336 _2rdacontent
_atext
_btxt
337 _aunmediated
_2rdamedia
_bn
338 _avolume
_bnc
_2rdacarrier
650 7 _aPhysics
_vDictionaries.
_2BUEsh
_919412
655 _vReading book
942 _cREFERENCE
_2ddc
999 _c3648
_d3648